Pokus nobelistov prehovoriť ľudskou rečou
Kniha Roberta Solowa, amerického nositeľa ceny Švédskej centrálnej banky za ekonómiu, Ekonómia pre zvedavých. Poznatky a názory viacerých nositeľov Nobelovej ceny. Čomu sa kniha venuje: makroekonómia, stabilizácia hospodárstva menovou a rozpočtovou politikou, téma časovej nekonzistentnosti vládnych...
Gespeichert in:
| 1. Verfasser: | |
|---|---|
| Format: | Buchkapitel |
| Sprache: | Slowakisch |
| Schlagworte: | |
| Tags: |
Keine Tags, Fügen Sie das erste Tag hinzu!
|
MARC
| LEADER | 00000naa a2200000 4500 | ||
|---|---|---|---|
| 001 | 0201903 | ||
| 005 | 20231113103313.2 | ||
| 041 | 0 | |a slo | |
| 044 | |a SK | ||
| 245 | 1 | 0 | |a Pokus nobelistov prehovoriť ľudskou rečou |c Michal Lehuta |
| 520 | |a Kniha Roberta Solowa, amerického nositeľa ceny Švédskej centrálnej banky za ekonómiu, Ekonómia pre zvedavých. Poznatky a názory viacerých nositeľov Nobelovej ceny. Čomu sa kniha venuje: makroekonómia, stabilizácia hospodárstva menovou a rozpočtovou politikou, téma časovej nekonzistentnosti vládnych politík, teória hier. | ||
| 610 | 2 | 0 | |a ekonómia |
| 610 | 2 | 0 | |a knihy |
| 610 | 2 | 0 | |a Nobelova cena |
| 100 | 1 | |a Lehuta, Michal | |